00560 2200205 4500001002100000005001700021008004100038035002400079082000800103090001800111100001800129245005000147260005600197300002300253440001000276700003500286850001200321985000600333999001500339YOGYA-0209000005338420090227033137.0 ind  0010-020900000053384 a801 a801bKas YlT aKARTINI, Tini aYuhana Sastrawan SundacTini Kartini (et.al.) aJakartabDepartemen Pendidikan dan Kebudayaanc1979 axii, 81 hlmc22 cm aBS 28 aHADIST,Yetty Kusmiyati (et.al) aYOPDYOG a1 aA000038423